UBT Library

Relocating to Atlanta and surrounding areas : (Record no. 40392)

000 -LEADER
fixed length control field 00913cam a2200229 a 4500
001 - CONTROL NUMBER
control field 12025163
005 - DATE AND TIME OF LATEST TRANSACTION
control field 20180117033531.0
008 - FIXED-LENGTH DATA ELEMENTS--GENERAL INFORMATION
fixed length control field 000530s2000 cauab f 001 0 eng
010 ## - LIBRARY OF CONGRESS CONTROL NUMBER
LC control number 00044090
020 ## - INTERNATIONAL STANDARD BOOK NUMBER
International Standard Book Number 0761525645
040 ## - CATALOGING SOURCE
Original cataloging agency DLC
Transcribing agency DLC
Modifying agency DLC
041 ## - LANGUAGE CODE
Language code of text/sound track or separate title eng
043 ## - GEOGRAPHIC AREA CODE
Geographic area code n-us-ga
080 ## - UNIVERSAL DECIMAL CLASSIFICATION NUMBER
Universal Decimal Classification number 975.8231044 CAU
082 00 - DEWEY DECIMAL CLASSIFICATION NUMBER
Classification number 975.8231044 CAU
Edition number 21
100 1# - Rafti
Rafti 39
101 ## - Shkurtesa
Shkurtesa MED
245 10 - TITLE STATEMENT
Title Relocating to Atlanta and surrounding areas :
Statement of responsibility, etc H.M. Cauley.
906 ## - LOCAL DATA ELEMENT F, LDF (RLIN)
a 7
b cbc
c orignew
d 1
e ocip
f 20
g y-gencatlg
942 ## - ADDED ENTRY ELEMENTS (KOHA)
Source of classification or shelving scheme
Item type Books
Holdings
Withdrawn status Lost status Source of classification or shelving scheme Damaged status Not for loan Collection code Permanent location Current location Shelving location Date acquired Total Checkouts Full call number Barcode Date last seen Price effective from Koha item type
          Koleksioni i përgjithshem UBT - Lipjan UBT - Lipjan Koleksioni i përgjithshem 01/17/2018   975.8231044 CAU 002-2995425 01/17/2018 01/17/2018 Books
UBT Library © 2015-2024. All rights reserved University Education for Business and Technology